Geometría descriptiva / (Registro nro. 7623)

Detalles MARC
000 -CABECERA
Campo de control interno 01912nam a2200265Ia 4500
008 - ELEMENTOS DE LONGITUD FIJA - INFORMACIÓN GENERAL
Campo de control de longitud fija 260220t1993||||xx |||||||||||||| ||spa||
020 ## - ISBN
ISBN 9505530226
040 ## - FUENTE DE CATALOGACIÓN
Agencia de catalogación original PY-SlUNAC
Idioma de catalogación spa
Convenciones de descripción rda
041 ## - CÓDIGO DE IDIOMA
Código de idioma para texto/pista de sonido o título separado spa
082 ## - NÚMERO DE CLASIFICACIÓN DECIMAL DEWEY
Clasificación Decimal Dewey (CDD) 516.6
Clasificación Expansiva de Cutter (EC) D54g
100 ## - ASIENTO PRINCIPAL - NOMBRE PERSONAL
Nombre personal Di Prieto, Donato
Rol del autor Autor
245 #0 - TÍTULO
Título Geometría descriptiva /
Mención de responsabilidad por Donato Di Prieto [Autor]
250 ## - MENCIÓN DE EDICIÓN
Mención de edición Decimotercera edición
264 ## - PIE DE IMPRENTA
Lugar Buenos Aires :
Editorial Alsina,
Año ℗1993.
300 ## - DESCRIPCIÓN FÍSICA
Páginas 1 volumen
520 ## - NOTA DE RESUMEN
Nota de resumen El libro "Geometría descriptiva" de Donato Di Prieto ofrece una exhaustiva introducción a los conceptos fundamentales de la geometría descriptiva, disciplina esencial para la representación gráfica de formas tridimensionales en un plano bidimensional. A lo largo de sus capítulos, el autor aborda las proyecciones ortogonales, las secciones cónicas y las transformaciones geométricas, proporcionando herramientas teóricas y prácticas que permiten a los estudiantes y profesionales del diseño, la arquitectura y la ingeniería visualizar y resolver problemas espaciales de manera efectiva. Con un enfoque didáctico, Di Prieto incluye numerosos ejemplos ilustrativos y ejercicios que fomentan la comprensión de las técnicas de representación y la aplicación de sus principios en contextos reales. Este texto se convierte en un recurso invaluable para quienes buscan profundizar en la geometría técnica, estableciendo una base sólida para el desarrollo de habilidades en el dibujo técnico y la modelación de objetos en tres dimensiones. Su publicación en 1993 ha contribuido a la formación de diversas generaciones en el ámbito académico y profesional.
653 ## - MATERIA - TÉRMINO TEMÁTICO NO CONTROLADO (PALABRAS CLAVE)
Materia - término temático no controlado (palabras clave) Geometría
653 ## - MATERIA - TÉRMINO TEMÁTICO NO CONTROLADO (PALABRAS CLAVE)
Materia - término temático no controlado (palabras clave) Geometría descriptiva
653 ## - MATERIA - TÉRMINO TEMÁTICO NO CONTROLADO (PALABRAS CLAVE)
Materia - término temático no controlado (palabras clave) Matemáticas
942 ## - ELEMENTOS PERSONALIZADOS (KOHA)
Fecha catalogación 2026/02/17
Tipo de documento Libros
Existencias
Fuente de Clasificacion Colección Ubicacion permanente Biblioteca actual Fecha de Ingreso a la Biblioteca Origen de adquisición Enumeración en serie / cronología Código de ubicación Código de barras Tipo de Item KOHA Nota pública
Dewey Decimal Classification Colección General (CG) Biblioteca e Internet, Facultad de Ciencias Exactas y Naturales Biblioteca e Internet, Facultad de Ciencias Exactas y Naturales 02/20/2026 Donación 13aEd. 516.6 D54g CG983 Libros Material disponible en la Biblioteca e Intenet, Campus UNA, San Lorenzo.